Perspectives on Pakistan. (Record no. 66673)

MARC details
000 -LEADER
fixed length control field 00556cam a22002051 4500
001 - CONTROL NUMBER
control field sa 65010285
003 - CONTROL NUMBER IDENTIFIER
control field DLC
005 - DATE AND TIME OF LATEST TRANSACTION
control field 20260227112207.0
008 - FIXED-LENGTH DATA ELEMENTS--GENERAL INFORMATION
fixed length control field 090407s1965 pk a 000 0 eng
010 ## - LIBRARY OF CONGRESS CONTROL NUMBER
LC control number sa 65010285
040 ## - CATALOGING SOURCE
Original cataloging agency DLC
Transcribing agency DLC
Modifying agency DLC
050 00 - LIBRARY OF CONGRESS CALL NUMBER
Classification number DS384
Item number .D55
100 1# - MAIN ENTRY--PERSONAL NAME
Personal name Dil, Anwar S.
Relator term ed.
245 10 - TITLE STATEMENT
Title Perspectives on Pakistan.
Statement of responsibility, etc. Edited by anwar s. Dil.
250 ## - EDITION STATEMENT
Edition statement [1st ed.]
260 ## - PUBLICATION, DISTRIBUTION, ETC.
Place of publication, distribution, etc. Abbottabad,
Name of publisher, distributor, etc. Bookservice,
Date of publication, distribution, etc. [1965]
300 ## - PHYSICAL DESCRIPTION
Extent xi, 224 p.
Other physical details illus.
Dimensions 24 cm.
490 0# - SERIES STATEMENT
Series statement Pakistan studies series,
Volume/sequential designation 1
651 #0 - SUBJECT ADDED ENTRY--GEOGRAPHIC NAME
Geographic name Pakistan.

No items available.

Powered by Koha